| 000 | 00841nmm a2200241 a 4500 | ||
|---|---|---|---|
| 001 | ocm000701413 | ||
| 003 | TR-IsHL | ||
| 005 | 20201028134311.0 | ||
| 008 | 131121s2010 tu tur | ||
| 007 | cr cn | ||
| 035 |
_a701413 _b(N$T) |
||
| 050 | 0 | 4 |
_aPL95.9.I18 _bZ49 2010 |
| 090 | 0 | 4 |
_aPL95.9.I18 _bZ49 2010 |
| 100 | 1 | _aZeybek, Namık Kemal | |
| 245 | 1 | 0 |
_aHoca Ahmet Yesevi ve hikmetler: ""Allah' aşk ile ulaş"" _h[electronic resource] / _cNamık Kemal Zeybek |
| 260 |
_aİstanbul : _bİlgi Kültür Sanat Yayıncılık, _c2010 |
||
| 300 | _a312 p. | ||
| 650 | 4 | _aDil ve Edebiyat | |
| 650 | 4 | _aLanguage and Literature | |
| 650 | 0 | _aAhmet Yesevî, 1093-1166 | |
| 650 | 7 |
_aBIOGRAPHY & AUTOBIOGRAPHY / Religious _2bisacsh |
|
| 856 | 4 | 0 | _uhttp://search.ebscohost.com/login.aspx?direct=true&scope=site&db=e011xww&AN=701413 |
| 999 |
_c6116 _d6116 |
||